| 000 | 00835cab a2200253 4500 | ||
|---|---|---|---|
| 001 | WB2928-31 | ||
| 008 | 090401t1993 xxu||||| |||| 00| 0 eng d | ||
| 035 | _a(Sirsi) u76973 | ||
| 041 | _aeng | ||
| 100 | _aWhite, Philip | ||
| 245 | _aRegular checkups for legionnaires disease | ||
| 260 | _c1993 | ||
| 350 | _a0 | ||
| 490 |
_aCSW - The Property Week _v44(4) 22 July 1993, 56(1) |
||
| 520 | _aDiscusses the Health and Safety Executive`s Code of Practice HS(G)70 outlining steps to be taken for protecting buildings against legionnaires disease. | ||
| 650 | _aCOSHH | ||
| 650 | _aHEALTH AND SAFETY AT WORK ETC ACT 1974 | ||
| 650 |
_aHEALTH AND SAFETY _96244 |
||
| 650 | _aLEGIONNARIES DISEASE | ||
| 650 |
_aProperty management _96262 |
||
| 690 | _aOFFICE SERVICES AND ADMINISTRATION | ||
| 942 | _n0 | ||
| 948 | _c04/03/1997 | ||
| 999 |
_c48363 _d48363 |
||